Normal view
MARC view
Entry Topical Term
001 - CONTROL NUMBER
- control field: 5116
003 - CONTROL NUMBER IDENTIFIER
- control field: BD-RjUL
005 - DATE AND TIME OF LATEST TRANSACTION
- control field: 20221003100824.0
008 - FIXED-LENGTH DATA ELEMENTS
- fixed length control field: 221003|| aca||aabn | a|a d
040 ## - CATALOGING SOURCE
- Original cataloging agency: BD-RjUL
- Transcribing agency: BD-RjUL
150 ## - HEADING--TOPICAL TERM
- Topical term or geographic name entry element: Teenage boys
- Form subdivision: Drama
670 ## - SOURCE DATA FOUND
- Source citation: Work cat.: (BD-RjUL)80485: Shaffer, Peter, 1926-2016. 5112, Equus :, 1973 [impression 1975]